000 00473nam a2200181Ia 4500
005 20250423094557.0
008 250422s9999 xx 000 0 und d
020 _a9753151667
050 _aPL 248 .G854 B49/
100 _aGülen, M. Fethullah
245 0 _aBeyan
260 _aİstanbul
260 _bNil
260 _c2008
300 _a179 p
650 _aExpression Islamic literature Turkish essays Expresyonizm İslami edebiyat Türk denemeleri
942 _cBK
999 _c27661
_d27661